Capitals Closest to an Unknown Capital by Letter #2 - Statistics

General Stats
  • This quiz has been taken 75 times
  • The average score is 20 of 25
Answer Stats
Letter Answer % Correct
W Warsaw
94%
O Oslo
91%
M Moscow
88%
Q Quito
88%
V Vilnius
88%
H Helsinki
87%
R Riga
87%
Z Zagreb
87%
K Kiev
84%
P Prague
84%
S Stockholm
84%
T Tallinn
84%
U Ulaanbaatar
84%
A Ankara
82%
B Bratislava
79%
Unknown Capital: Minsk
79%
Y Yerevan
78%
J Jerusalem
76%
C Chișinău
75%
D Dublin
72%
I Islamabad
66%
N Nicosia
66%
L Ljubljana
64%
F Freetown
57%
G Gaborone
46%
No matching quizzes found
Score Distribution
Percent of People with Each Score
Percentile by Number Answered
Your Score History
You have not taken this quiz